01411nam a2200229 a 450000500170000000800410001702000180005804100080007609200160008410000250010024500390012525000110016426000450017530000220022050000870024250505310032959000610086065500210092194200130094299900150095595202110097020241018130546.0100630t2013||||ag |||g p 1p0dspa d a9789875782167 aspa c808l8sBOD1 aBodoc, Liliana93934 4aLos dias del fuego.cLiliana Bodoc a1a ed. aBuenos Aires: bPunto de lectura;c2013. a480 p.c19x13 cm. aBodoc, L. (2013). Los días del fuego. (1a ed.). Buenos Aires : Punto de Lectura. aEl odio no suele debilitarse con las caídas sino al contrario. Se levanta, brutal, y ruge hacia los cuatro puntos cardinales. Pero el amor tampoco se debilita con las caídas sino al contrario. Se levanta, lastimado, y canta. Ahora las Tierra Antiguas se unen a las Tierras Fértiles para librar una guerra definitiva. El hijo de la muerte conduce las batallas, sentado en su monte. Su madre lo observa desde la distancia. La guerra, la política y la magia deberán coincidir si desean permanecer. ¿Será eso posible? aProyecto 4to Libro. Donación Victoria Lara, Mayo 2018. aLiteratura92917 2lcccLIT c2804d2804 00102ddc4070aBFMbBFMcCRd2018-05-28eDonación Victoria Lara, mayo 2018l1m5o808 8 BODp4271r2021-03-31s2019-12-17tEj. 1w2018-05-28yLITzProyecto 4to libro. Donación Victoria Lara, mayo 2018